| 000 | 00598nam a2200169 4500 | ||
|---|---|---|---|
| 999 |
_c15912 _d15912 |
||
| 008 | 201217b ||||| |||| 00| 0 eng d | ||
| 022 | _a0732-8435 | ||
| 082 | _aDPer 657.05 C33 Sept - Mar 2015, v. 85 - 86 | ||
| 100 |
_aClark, David W. _942718 |
||
| 245 |
_aHealth reimbursement arrangements/ _b _cDavid W. Clark and Darlene Pulliam. |
||
| 260 |
_aNew York: _bThe New York State Society of CPA, _c©2015. |
||
| 300 |
_av86 n1, pages 56-57: _billustrations; _c28 cm. |
||
| 650 |
_aHealth _xReimbursement. _942693 |
||
| 650 |
_a _942712 |
||
| 700 |
_aPulliam, D. _eAuthor. _942721 |
||
| 942 |
_2ddc _cPER |
||